000 00491nam a22001937a 4500
005 20251108164143.0
008 250721s9999 xx 000 0 ara d
082 1 4 _a218,61/حسن
100 1 _aإسماعيل، حسن إمام
245 1 0 _aحوار مع زميلي المسيحي /
264 _c[19-].
300 _aج
650 1 7 _aالمناظرات
650 1 7 _aالإسلام
650 1 7 _aالمسيحية
650 1 7 _aالتوراه
942 _2ddc
_cBK
999 _c4996
_d4996